| 000 | 00332nam a22001337a 4500 | ||
|---|---|---|---|
| 020 | _a0195503899 | ||
| 082 | _a333.39614FAI | ||
| 100 | _aFairbairn ian j | ||
| 245 | _aThe national income of western samoa | ||
| 260 |
_aNew york _bOxford university _c1973 |
||
| 300 |
_axx,215p _bill;map,tables,22cm |
||
| 500 | _aindex | ||
| 942 | _cBK | ||
| 999 |
_c18232 _d18232 |
||